Normal view
MARC view
- العشائر-الانساب- ال حداد-الاردن
Entry Topical Term
001 - CONTROL NUMBER
- control field: 50600
003 - CONTROL NUMBER IDENTIFIER
- control field: JO-AjAnu
005 - DATE AND TIME OF LATEST TRANSACTION
- control field: 20230606082329.0
008 - FIXED-LENGTH DATA ELEMENTS
- fixed length control field: 230606|| aca||aabn | a|a d
040 ## - CATALOGING SOURCE
- Original cataloging agency: JO-AjAnu
- Transcribing agency: JO-AjAnu
150 ## - HEADING--TOPICAL TERM
- Topical term or geographic name entry element: العشائر-الانساب- ال حداد-الاردن
670 ## - SOURCE DATA FOUND
- Source citation: Work cat.: (JO-AjAnu)25867: اعداد وتحضير حداد، عقلة, author 50599, آل حداد - فرع داود في شمال الأردن